| 000 | 00992nas a2200301 4500 | ||
|---|---|---|---|
| 001 | BR0706847 | ||
| 003 | BR-BrBNA | ||
| 005 | 20231205111314.0 | ||
| 007 | ta | ||
| 008 | 230509b bl.|||p| |||| 00| 00por d | ||
| 040 |
_aBR-BrBNA _bpor _cBiblioteca Nacional de Agricultura |
||
| 041 | _a(Pt) | ||
| 072 | _aM12; Q02 | ||
| 100 | 1 | _aMesquita, A.J. de | |
| 100 | 1 | _aSilva, P.C. | |
| 100 | 1 | _aNunes, I.A. | |
| 100 | 1 | _aNicolau, E.S. | |
| 100 | 1 | _aGuimarães, P.L. da S.N. | |
| 245 | 1 | _aQualidade bacteriológica de camarões gigantes da Malásia (Macrobrachium Rosembergii)cultivados com dejetos de aves | |
| 650 | _aMACROBRACHIUM ROSENBERGII | ||
| 650 | _aCAMARÃO | ||
| 650 | _aDEJETO | ||
| 650 | _aRAÇÃO | ||
| 650 | _aANALISE BACTERIOLOGICA | ||
| 773 | 0 |
_tAnais da Escola de Agronomia e Veterinária - Universidade Federal de Goiás (Brazil) _xISSN 0100-218X _g(Jan-Jun 1997), v. 27(1) p. 1-6 _wBR0706847 |
|
| 909 |
_a202311 _bLúcia _c55 _dLúcia Elande |
||
| 942 |
_2AGRIS _n0 _cANA |
||
| 999 |
_c191942 _d191942 |
||